La medición del comportamiento

Gespeichert in:
Bibliographische Detailangaben
Hauptverfasser: Martin, Paul R. (autor), Bateson, Paul Patrick (VerfasserIn)
Format: Buch
Sprache:Spanisch
Veröffentlicht: Madrid Alianza 1991
Schriftenreihe:Alianza Universidad, 673
Schlagworte:
Tags: Tag hinzufügen
Keine Tags, Fügen Sie den ersten Tag hinzu!

MARC

LEADER 00000nam a2200000 a 4500
001 UCW6828
003 CL-VaPUC
008 920610e19910000SP |||||||||||||||||spa|d
082 0 4 |a 150.194  |b MAR  |2 21 
100 |a Martin, Paul R.  |e autor  |9 311891 
700 0 |a Bateson, Paul Patrick  |e author  |9 311892 
245 1 3 |a La medición del comportamiento 
300 |a 237 p 
942 |c BK 
945 |d 19920610 00:00:00 
260 |a Madrid  |b Alianza  |c 1991 
650 0 |a Conducta humana   |9 269906 
650 0 |a Animales   |x Hábitos y conducta  |9 311893 
583 |a last modification  |c 20190730 11:48:44  |k Rodrigo Vera 
490 0 |a Alianza Universidad, 673 
999 |c 219749  |d 219747 
952 |0 0  |1 0  |4 0  |6 150_194000000000000_MAR_1991  |7 0  |8 A  |9 211032  |a BIBEDU  |b BIBEDU  |d 2019-11-15  |i 2792990  |o 150.194 MAR 1991  |p 2792990  |r 2019-11-15  |w 2019-11-15  |y BK  |k EDU